Исследование условий и модели образования гидратов; Проблемы геологии и освоения недр; Т. 2

Dettagli Bibliografici
Parent link:Проблемы геологии и освоения недр=Problems of Geology and Subsurface Development: труды XXIV Международного симпозиума имени академика М. А. Усова студентов и молодых учёных, посвященного 75-летию Победы в Великой Отечественной войне, Томск, 6-10 апреля 2020 г./ Национальный исследовательский Томский политехнический университет, Инженерная школа природных ресурсов ; гл. ред. А. С. Боев ; под ред. Е. Ю. Пасечник.— , 2020
Т. 2.— 2020.— [С. 59-60]
Autore principale: Волков П. В.
Ente Autore: Национальный исследовательский Томский политехнический университет Инженерная школа природных ресурсов Отделение нефтегазового дела
Altri autori: Рябов А. Д. (научный руководитель), Зятиков П. Н. Павел Николаевич
Riassunto:Заглавие с экрана
Lingua:russo
Pubblicazione: 2020
Serie:Современные технологии разработки нефтяных и газовых месторождений
Soggetti:
Accesso online:http://earchive.tpu.ru/handle/11683/62831
Natura: MixedMaterials Elettronico Capitolo di libro
KOHA link:https://koha.lib.tpu.ru/cgi-bin/koha/opac-detail.pl?biblionumber=631427

MARC

LEADER 00000naa2a2200000 4500
001 631427
005 20231101133648.0
035 |a (RuTPU)RU\TPU\conf\33128 
035 |a RU\TPU\conf\33117 
090 |a 631427 
100 |a 20200902d2020 k y0rusy50 ca 
101 0 |a rus 
102 |a RU 
105 |a y z 100zy 
135 |a drcn ---uucaa 
181 0 |a i  
182 0 |a b 
200 1 |a Исследование условий и модели образования гидратов  |f П. В. Волков, А. Д. Рябов  |g науч. рук. П. Н. Зятиков 
203 |a Текст  |c электронный 
225 1 |a Современные технологии разработки нефтяных и газовых месторождений 
230 |a 1 компьютерный файл (pdf; 1 643 Kb) 
300 |a Заглавие с экрана 
320 |a [Библиогр.: с. 60 (5 назв.)] 
461 1 |0 (RuTPU)RU\TPU\conf\32983  |t Проблемы геологии и освоения недр  |l Problems of Geology and Subsurface Development  |o труды XXIV Международного симпозиума имени академика М. А. Усова студентов и молодых учёных, посвященного 75-летию Победы в Великой Отечественной войне, Томск, 6-10 апреля 2020 г.  |o в 2 т.  |f Национальный исследовательский Томский политехнический университет, Инженерная школа природных ресурсов ; гл. ред. А. С. Боев ; под ред. Е. Ю. Пасечник  |d 2020 
463 1 |0 (RuTPU)RU\TPU\conf\32985  |t Т. 2  |v [С. 59-60]  |d 2020 
610 1 |a труды учёных ТПУ 
610 1 |a электронный ресурс 
610 1 |a условия 
610 1 |a модели 
610 1 |a образование 
610 1 |a гидраты 
610 1 |a трубопроводы 
610 1 |a гидратообразования 
610 1 |a математическое моделирование 
700 1 |a Волков  |b П. В. 
701 1 |a Рябов  |b А. Д. 
702 1 |a Зятиков  |b П. Н.  |c геолог  |c профессор Томского политехнического университета, доктор технических наук  |f 1947-  |g Павел Николаевич  |2 stltpush  |4 727 
712 0 2 |a Национальный исследовательский Томский политехнический университет  |b Инженерная школа природных ресурсов  |b Отделение нефтегазового дела  |h 8084  |2 stltpush  |3 (RuTPU)RU\TPU\col\23546 
801 2 |a RU  |b 63413507  |c 20200925  |g RCR 
856 4 |u http://earchive.tpu.ru/handle/11683/62831 
942 |c BK